ბათუმის შოთა რუსთაველის სახელმწიფო უნივერსიტეტის ბიბლიოთეკა

Self analysis : (ბიბ.ჩანაწერი № 58262)

000 -LEADER
fixed length control field 00595cam a2200181 a 4500
001 - CONTROL NUMBER
control field 15216676
005 - DATE AND TIME OF LATEST TRANSACTION
control field 20211015132148.0
008 - FIXED-LENGTH DATA ELEMENTS--GENERAL INFORMATION
fixed length control field 080312s2007 caua 001 0 eng d
020 ## - INTERNATIONAL STANDARD BOOK NUMBER
International Standard Book Number 9788779897458
080 ## - UNIVERSAL DECIMAL CLASSIFICATION NUMBER
Universal Decimal Classification number 159.964.2 H-88
100 1# - MAIN ENTRY--PERSONAL NAME
Personal name Hubbard, L. Ron
Fuller form of name
Dates associated with a name
9 (RLIN) 12506
245 10 - TITLE STATEMENT
Title Self analysis :
Remainder of title a simple self-help volume of tests and processes based on the discoveries contained in dianetics /
Statement of responsibility, etc. L. Ron Hubbard.
264 ## - PRODUCTION, PUBLICATION, DISTRIBUTION, MANUFACTURE, AND COPYRIGHT NOTICE
Place of production, publication, distribution, manufacture Los Angeles :
Name of producer, publisher, distributor, manufacturer New Era,
Date of production, publication, distribution, manufacture, or copyright notice 2007.
300 ## - PHYSICAL DESCRIPTION
Extent 375 p. :
Other physical details ill. ;
Dimensions 25 cm.
653 ## - INDEX TERM--UNCONTROLLED
keyword Dianetics
653 ## - INDEX TERM--UNCONTROLLED
keyword დიანეტიკა
942 ## - ADDED ENTRY ELEMENTS (KOHA)
Source of classification or shelving scheme
Koha item type წიგნი
ეგზემპლარები
Withdrawn status Lost status Source of classification or shelving scheme Damaged status Not for loan Permanent Location Current Location Shelving location Date acquired Cost, normal purchase price Full call number Barcode Date last seen Copy number Price effective from Koha item type Public note
          ბათუმის შოთა რუსთაველის სახელმწიფო უნივერსიტეტის მთავარი ბიბლიოთეკა ბათუმის შოთა რუსთაველის სახელმწიფო უნივერსიტეტის მთავარი ბიბლიოთეკა წიგნსაცავი 2021-10-15 21.00 159.964.2 H-88 61869 2021-10-15 61869 2021-10-15 წიგნი 21 ლ. 43თ.